| 000 | 00793nam a2200229 a 4500 | ||
|---|---|---|---|
| 001 | BRCA_1099 | ||
| 005 | 20190320203258.0 | ||
| 008 | 860305s1986----mx-a---##b---#001-0#spa-# | ||
| 020 | _a9688371483 | ||
| 040 |
_aDLC _cDLC _dDLC |
||
| 050 | 4 |
_aML210 _b.M87 1986 |
|
| 245 | 1 | 0 |
_aLa música de México _bhistoria, periodo virreinal _ceditor Julio Estrada, José Antonio Guzmán Bravo y Robert Stevenson. |
| 260 |
_aMéxico _bUNAM, Instituto de Investigaciones Estéticas _c1986 |
||
| 300 |
_a182 p. _bil. _c28 cm. |
||
| 500 | _aIncluye índice analítico | ||
| 504 | _aBibliografía : p. 159-164 | ||
| 650 | 1 | 4 |
_aMúsica _xHistoria y crítica _zMéxico _93614 |
| 700 | 1 |
_aEstrada, Julio _93615 |
|
| 700 | 1 |
_aGuzmán Bravo, José Antonio _93616 |
|
| 700 | 1 |
_aStevenson, Robert _93617 |
|
| 942 |
_2lcc _cB |
||
| 999 |
_c978 _d978 |
||